| 000 | 00430nam a2200169Ia 4500 | ||
|---|---|---|---|
| 001 | 31788 | ||
| 003 | IN-NITTTR | ||
| 005 | 20251114233424.0 | ||
| 008 | 251113s9999||||xx |||||||||||||| ||eng|| | ||
| 040 | _beng | ||
| 040 | _cIN-NITTTR | ||
| 041 | _aeng | ||
| 082 | _a006.4 K962C | ||
| 100 | _aKuncheva, Ludmila I. | ||
| 245 | 0 |
_aCombining pattern classifiers : _b methods and algorithms / _cKuncheva, Ludmila I. |
|
| 942 |
_2ddc _cBK |
||
| 999 |
_c34418 _d34418 |
||